000 00484nam a2200157Ia 4500
003 GCL
008 140319s9999 xx 000 0 ara d
040 _aGCL /
_cGCL
082 0 4 _a686.43
_bص م
100 1 _aصلاح القاضى
245 1 0 _aالمرجع فى الميكروفيلم /
_cصلاح القاضى
490 _aالهيئة العامة للاستعلامات
_v0
650 0 4 _aالميكروفيلم
650 0 4 _aالمصغرات الفيلمية
942 _2ddc
_cBK
999 _c49931
_d49931